Responses for Show #8894 - Thursday, June 15, 2023

Contestants

[<< previous game]

Kiran MacCormick, a math teacher from Burlington, Vermont

Suzanne Goldlust, a marketing manager from Reston, Virginia

Holly Hassel, an English professor from Fargo, North Dakota (whose 1-day cash winnings total $10,500)

[next game >>]

Jeopardy! Round responses

THE CZAR
21st CENTURY HORROR NOVELS
ROLLING STONES LYRICS
(Mayim: Name the song.)
DATING/APPS
THE GOLDEN GATE BRIDGE
BIRD IDIOMS
    $200 18
Ivan IV (Ivan the Terrible)

Kiran
    $200 16
(Holly: What is Megan?)

Alice

Holly
Triple Stumper
    $200 6
"Jumpin' Jack Flash"

Suzanne
    $200 8
a slider

Suzanne
    $200 13
a suspension bridge

Kiran
    $200 1
a night owl

Kiran
    $400 21
Peter the Great

Kiran
    $400 17
a haunted house

Suzanne
    $400 7
"Sympathy For The Devil"

Holly
    $400 9
jalapeƱos

Suzanne
    $400 14
the Pacific Coast Highway

Suzanne
    $400 2
proud as a peacock

Suzanne
    $600 22
serfs

Holly
    $600 25
(Suzanne: What are meddling teens?)
(Holly: Uh, what are those [*]?)
...
(Mayim: Title of the book is just [*].)

meddling kids

HollySuzanne
Triple Stumper
    $600 23
(Kiran: Who is "Angie"?)

"Start Me Up"

Kiran
Triple Stumper
    $600 10
pigs in a blanket

Kiran
    $600 15
anchorage

Holly
    $600 3
a spring chicken

Suzanne
    $800 29
Nicholas

Suzanne
    $800 26
Lovecraft

Holly
    $800 24
"Time Is On My Side"

Triple Stumper
    $800 11
quesadillas

Suzanne
    $800 19
Marin (County)

Kiran
    $1,000 4
"The Ugly Duckling"

Suzanne
    $1000 30
a parade ground

Suzanne
    $1000 27
Pinhead

Holly
    $1000 28
"Beast Of Burden"

Holly
    $1000 12
crab Rangoon

Kiran
    $1000 20
international orange

Triple Stumper
    $1000 5
the cock of the walk

Triple Stumper

Scores at the first commercial break (after clue 15):

Holly Suzanne Kiran
$1,000 $4,000 $2,000

Scores at the end of the Jeopardy! Round:

Holly Suzanne Kiran
$3,600 $5,600 $2,800

Double Jeopardy! Round responses

"G", LOOK AT THAT
AMERICAN CAVES
FACT: NONFICTION
PHYSICS & ENERGY
TV CRIMINALS
ITALIAN WORDS & PHRASES
    $400 5
groomsmen

Holly
    $400 30
(Suzanne: What is Tennessee?)

Kentucky

SuzanneKiran
    $400 21
Michelle Obama

Suzanne
    $400 11
the X-ray

Kiran
    $400 6
Orange is the New Black

Suzanne
    $400 16
a piazza

Kiran
    $800 4
Gorgonzola

Kiran
    $800 14
South Dakota

Holly
    $1,000 22
J. Edgar Hoover

Suzanne
    $800 26
stable

Suzanne
    $800 7
The Boys

Triple Stumper
    $800 17
spumante

Holly
    $1200 3
the guanaco

Triple Stumper
    $1200 13
(Kiran: What is a mudpuppy?)
(Holly: What is a pup shark?)

a pupfish

HollyKiran
Triple Stumper
    $1200 23
Ken Burns

Suzanne
    $1200 27
potential (energy)

Kiran
    $1200 8
The Wire

Holly
    $1200 18
Buon Natale

Suzanne
    $1600 2
(Holly: What is gauze?)

gossamer

HollyKiran
    $1600 12
Carlsbad Caverns

Kiran
    $1600 24
(Holly: Who is Clooney?)

Bob Dylan

Holly
Triple Stumper
    $1600 28
decibels

Holly
    $1600 9
Milo Ventimiglia

Kiran
    $1,500 19
adagio

Suzanne
    $2000 1
(Kiran: Who is George Gione?)

Giorgione

Kiran
Triple Stumper
    $2000 10
Wisconsin

Suzanne
    $2000 25
(Kiran: Uh, what are highly successful people?)

highly effective people

HollyKiran
    $2000 29
a linear accelerator

Suzanne
    $2000 15
Criminal Minds

Holly
    $2000 20
don't look a gift horse in the mouth

Suzanne

Scores at the end of the Double Jeopardy! Round:

Holly Suzanne Kiran
$8,000 $17,700 $5,600
(lock game)

[wagering suggestions for these scores]

Final Jeopardy! Round responses

THE U.S. GOVERNMENT
(Mayim: [To Holly] What is [**]? That is acceptable--[*]. They investigated alleged Communist activities.)
KiranWhat is the House Unamerican activities Commission
$800
HollyWhat is House Una HUAC?
$8,000
SuzanneWhat is the HUAC?
$1,000
the House Un-American Activities Committee (HUAC)

Final scores:

Holly Suzanne Kiran
$16,000 $18,700 $4,800
2nd place: $2,000 New champion: $18,700 3rd place: $1,000

Game dynamics:

Coryat scores:

Holly Suzanne Kiran
$8,000 $17,400 $5,600
13 R,
5 W
21 R
(including 3 DDs),
2 W
15 R,
4 W

Combined Coryat: $31,000

[game clues] [game scores] [suggest correction]

Game tape date: 2023-04-04
The J! Archive is created by fans, for fans. Scraping, republication, monetization, and malicious use prohibited; this site may use cookies and collect identifying information. See terms. The Jeopardy! game show and all elements thereof, including but not limited to copyright and trademark thereto, are the property of Jeopardy Productions, Inc. and are protected under law. This website is not affiliated with, sponsored by, or operated by Jeopardy Productions, Inc. Join the discussion at JBoard.tv.